Statystyki dla Solar - Pokój zero

Kliknij tutaj aby rozwiązać quiz!

Ogólne statystyki

  • Ten quiz został rozwiązany 27 razy
  • Średni wynik to 12 z 24

Statystyki odpowiedzi

TytułGość% Poprawnych
14ZobaczymyJan - rapowanie, Mata, Kacperczyk
100%
3Jestem zdrowyBedoes
86%
9Syntetyczny BógGverilla
86%
8VantablackSzpaku
71%
2Berghain
64%
7Dom
64%
5Final Call
64%
110513
57%
17Białas
57%
4Fuego
57%
20Kaszelek
57%
13Know - howHolak
57%
6Obłęd
50%
12The Good PlaceMIYO
50%
19Akuku
43%
22VoodooBastaboiz
43%
15Papugi zielone
36%
10BIPOLAR
29%
11Chleba bezglutenowego i igrzysk
29%
18Claire
29%
24Jest cool
21%
21Kosmiczny pył
21%
16Showreel
21%
23February 19th
14%

Rozkład punktacji

Percentyl według liczby udzielonych odpowiedzi

Procent ludzi z każdym wynikiem

Twoja historia wyników

Nie rozwiązałeś tego quizu